चटकदार गोष्टी. (Record no. 272988)

MARC details
000 -LEADER
fixed length control field 00581nam a2200181Ia 4500
008 - FIXED-LENGTH DATA ELEMENTS--GENERAL INFORMATION
fixed length control field 090630s9999 xx 000 0 und d
082 ## - DEWEY DECIMAL CLASSIFICATION NUMBER
Item number 21132
100 ## - MAIN ENTRY--PERSONAL NAME
Personal name वर्तक उषा.
245 ## - TITLE STATEMENT
Title चटकदार गोष्टी.
Statement of responsibility, etc वर्तक उषा.
260 ## - PUBLICATION, DISTRIBUTION, ETC. (IMPRINT)
Name of publisher, distributor, etc शकुन - पुणे.
300 ## - PHYSICAL DESCRIPTION
Extent 79
600 ## - SUBJECT ADDED ENTRY--PERSONAL NAME
Personal name वर्तक उषा.
630 ## - SUBJECT ADDED ENTRY--UNIFORM TITLE
Uniform title चटकदार गोष्टी.
655 ## - INDEX TERM--GENRE/FORM
Genre/form data or focus term बालवाङमय.
700 ## - ADDED ENTRY--PERSONAL NAME
Personal name वर्तक उषा.
730 ## - ADDED ENTRY--UNIFORM TITLE
Uniform title चटकदार गोष्टी.
942 ## - ADDED ENTRY ELEMENTS (KOHA)
Koha item type Book
Holdings
Withdrawn status Lost status Damaged status Not for loan Home library Current library Date acquired Cost, normal purchase price Total Checkouts Full call number Barcode Date last seen Cost, replacement price Price effective from Koha item type
        Sarvajanik Wachanalaya Shrivardhan Sarvajanik Wachanalaya Shrivardhan 02/08/2004 12.00   21132 SAWASHRI-21132 06/30/2009 12.00 06/30/2009 Book